00363nam a2200133Ia 4500008004100000020001500041041001200056082001600068100001700084245007100101260003400172300000800206650001500214221030s9999 xx 000 0 und d a8175152958 aEnglish a105.23bJin aU. C. Jindal 0aApplied Mechanics Statics & Strength of Materialscby U. C. Jindal bGalgotia PubaNew Delhic2002 a499 aMechanical